1382 1155 1250 1873 1781 1216 1634 1993 1594 1858 1525 1269 1199 1258 1042 1134 1360 1249 1260 1006 1575 1816 1302 1754 1659 1803 1802 1598 1105 1385 1500 1572 1809 1470 1943 1109 1700 1726 1733 1898 1090 1575 1773 1894 1028 1025 1798 1388 1418 1675 1335 1877 1709 1037 1081 1833 1637 1064 1581 1286 1237 1137 1909 1642 1383 1687 1100 1755 1166 1250 1728 1420 1491 1774 1442 1681 1372 1714 1343 1608 1672 1445 1859 1580 1992 1273 1913 1084 1178 1475 1918 1299 1973 1570 1369 1042 1472 1812 1687 BCNSPRNW ULIB Ver.6.0+V

เปลี่ยนเป็นภาษาไทย

Change to English
 แสดงรายละเอียดบรรณานุกรม
  กลับหน้าหลัก

Brief Record : Get Marc (ISO 2709) : E-mail record : QR code < ปิดหน้าต่าง
LEADER : 00000nam 2200000uu 4500
001    13399111812
003     ULIB
008    110708s2548||||th 000 0 tha d
050  4 DS568^bส847ค 2548
100 0  สุรชัย บุญเจริญ
245 10 คู่มือการควบคุมคุณภาพและมาตรฐานผลิตภัณฑ์เครื่องปั้นดินเผาบ้านมอญ /^cสุรชัย บุญเจริญและคณะ
260    นครสวรรค์ :^bสำนักงานพัฒนาชุมชนจังหวัดนครสวรรค์,^c2548
300    136 หน้า :^bภาพประกอบ
650  7 การควบคุมคุณภาพ
650  7 เครื่องปั้นดินเผา
650  7 มาตรฐานผลิตภัณฑ์
945    ^p0^l0^i021806
995    ทศพร
999 ^a ใช้งานได้ทุกระบบ
รายการนี้ยังไม่มีแท็ก
คุณยังไม่ได้ล็อกอิน คุณสามารถมีกิจกรรมร่วมกับเว็บไซต์ได้ แต่ต้องล็อกอินก่อน ::
  ล็อกอิน

รายการสื่อสารสนเทศ

ลำดับที่ ประเภท เลขเรียก/บาร์โค้ด สถานที่ สถานะ
- ไม่พบข้อมูล -

รายการใกล้เคียง
    หัวเรื่อง [การควบคุมคุณภาพ]

BibComment


ยังไม่เคยถูกคอมเมนท์

คอมเมนท์ทรัพยากรรายการนี้
  คอมเมนท์: คู่มือการควบคุมคุ..


 Copyright 2026. Bcnsprnw @Library